<?xml version="1.0" encoding="UTF-8"?>
<record
    xmlns:xsi="http://www.w3.org/2001/XMLSchema-instance"
    xsi:schemaLocation="http://www.loc.gov/MARC21/slim http://www.loc.gov/standards/marcxml/schema/MARC21slim.xsd"
    xmlns="http://www.loc.gov/MARC21/slim">

  <leader>02117nam a2200229 a 4500</leader>
  <controlfield tag="001">000048527</controlfield>
  <controlfield tag="005">20201002061223.0</controlfield>
  <controlfield tag="008">190328s2015    dr a          000 j spa d</controlfield>
  <datafield tag="040" ind1=" " ind2=" ">
    <subfield code="a">DO-SdBNP</subfield>
    <subfield code="b">spa</subfield>
    <subfield code="c">BNPHU</subfield>
  </datafield>
  <datafield tag="082" ind1=" " ind2=" ">
    <subfield code="a">xxxx</subfield>
    <subfield code="b">N285t</subfield>
  </datafield>
  <datafield tag="245" ind1="0" ind2="0">
    <subfield code="a">Naturaleza es transformaci&#xF3;n :</subfield>
    <subfield code="b">cuentos del concurso literario infantil - juvenil 2014 -2015 /</subfield>
    <subfield code="c">Camile Olivero, Domingo Guzm&#xE1;n, Lala Del Tejo e Ivanna Candeliere, ilustradores.</subfield>
  </datafield>
  <datafield tag="250" ind1=" " ind2=" ">
    <subfield code="a">4ta ed.</subfield>
  </datafield>
  <datafield tag="260" ind1=" " ind2=" ">
    <subfield code="a">Santo Domingo :</subfield>
    <subfield code="b">Fundaci&#xF3;n Propagas,</subfield>
    <subfield code="c">2015.</subfield>
  </datafield>
  <datafield tag="300" ind1=" " ind2=" ">
    <subfield code="a">94 p. :</subfield>
    <subfield code="b">il. ;</subfield>
    <subfield code="c">25 cm.</subfield>
  </datafield>
  <datafield tag="500" ind1=" " ind2=" ">
    <subfield code="a">Tres primeros lugares y una menci&#xF3;n honor&#xED;fica son los textos gandores de la 4ta edici&#xF3;n del concurso de cuentos de la Fundaci&#xF3;n Propagas (Letra natural). Se incluyen las obras de las menciones recibidas.</subfield>
  </datafield>
  <datafield tag="505" ind1="0" ind2=" ">
    <subfield code="a">Primer lugar --</subfield>
    <subfield code="t">El diario de Star --</subfield>
    <subfield code="r">Vera Lucia Tolari Ram&#xED;rez --</subfield>
    <subfield code="t">Segundo lugar</subfield>
    <subfield code="t">El desierto, la oruga y el bosque --</subfield>
    <subfield code="r">Larianna Pineda Cabrera</subfield>
    <subfield code="t">tercer lugar</subfield>
    <subfield code="t">Ori&#xF3;n --</subfield>
    <subfield code="r">Alejandra Cairo Toribio</subfield>
    <subfield code="t">Menci&#xF3;n honorifica especial : Mariposa transparente --</subfield>
    <subfield code="r">Mar&#xED;a Isabel Santana Serulle</subfield>
    <subfield code="t">Menciones honorificas --</subfield>
    <subfield code="t">La gran historia de una peque&#xF1;a rana --</subfield>
    <subfield code="r">Carlos Gabriel Tejeda Herasme</subfield>
    <subfield code="t">En b&#xFA;squeda de una mascota --</subfield>
    <subfield code="r">Isabel Cerda C&#xE1;ceres</subfield>
    <subfield code="t">La trasformaci&#xF3;n entre dos amigos --</subfield>
    <subfield code="r">Manuel de Jes&#xFA;s D&#xED;az de Le&#xF3;n</subfield>
    <subfield code="t">El maco vaca del hermaso croar --</subfield>
    <subfield code="r">Mario Oswaldo Camilo Lizardo</subfield>
    <subfield code="t">En defensa de las mariposas --</subfield>
    <subfield code="r">Monserrate Ayala Cabral</subfield>
    <subfield code="t">La monarca perdida --</subfield>
    <subfield code="r">Tatiana Isabella Jim&#xE9;nez Bienen</subfield>
    <subfield code="t">De ni&#xF1;a, descubr&#xED; a la rana y a la mariposa --</subfield>
    <subfield code="r">Alsy Virginia V&#xE1;squez Yere</subfield>
    <subfield code="t">Mi vida, en una aventura --</subfield>
    <subfield code="r">Victoria Stepanyan</subfield>
    <subfield code="t">Volar alto --</subfield>
    <subfield code="t">Mar&#xED;a Fernanda Santana Prince</subfield>
    <subfield code="t">Una misi&#xF3;n de vida o muerte --</subfield>
    <subfield code="t">G&#xE9;nesis Franchesca Espinosa Lara</subfield>
    <subfield code="t">Cr&#xED;staly, por siempre --</subfield>
    <subfield code="r">Vida Mar&#xED;a Mar&#xED;&#xF1;ez Brito</subfield>
    <subfield code="t">Las mariposas tambi&#xE9;n viven --</subfield>
    <subfield code="r">Laura Marie Cepeda Ortega</subfield>
    <subfield code="t">Las aventuras de Mar&#xED;a, la oruga --</subfield>
    <subfield code="r">Miranda Sanz Dom&#xED;nguez</subfield>
  </datafield>
  <datafield tag="590" ind1=" " ind2=" ">
    <subfield code="a">Inventariado, 2019/LP</subfield>
  </datafield>
  <datafield tag="700" ind1="1" ind2=" ">
    <subfield code="a">Olivero, Camile,</subfield>
    <subfield code="e">il.</subfield>
    <subfield code="9">75970</subfield>
  </datafield>
  <datafield tag="700" ind1="1" ind2=" ">
    <subfield code="a">Guzm&#xE1;n, Domingo,</subfield>
    <subfield code="e">il.</subfield>
    <subfield code="9">71128</subfield>
  </datafield>
  <datafield tag="700" ind1="1" ind2=" ">
    <subfield code="a">Tejo, Lala Del,</subfield>
    <subfield code="e">il.</subfield>
    <subfield code="9">75971</subfield>
  </datafield>
  <datafield tag="700" ind1="1" ind2=" ">
    <subfield code="a">Candeliere, Ivanna,</subfield>
    <subfield code="e">il.</subfield>
    <subfield code="9">75972</subfield>
  </datafield>
  <datafield tag="952" ind1=" " ind2=" ">
    <subfield code="0">0</subfield>
    <subfield code="1">0</subfield>
    <subfield code="5">4</subfield>
    <subfield code="7">0</subfield>
    <subfield code="8">DS</subfield>
    <subfield code="a">GR</subfield>
    <subfield code="b">GR</subfield>
    <subfield code="c">HD</subfield>
    <subfield code="d">2019-03-28</subfield>
    <subfield code="i">LF1</subfield>
    <subfield code="l">0</subfield>
    <subfield code="o">xxxx N285t</subfield>
    <subfield code="p">48527-30</subfield>
    <subfield code="r">2020-06-25</subfield>
    <subfield code="t">e. 3</subfield>
    <subfield code="w">2020-06-25</subfield>
    <subfield code="y">LFDS</subfield>
    <subfield code="Z">Pr&#xE9;stamo en sala</subfield>
  </datafield>
  <datafield tag="952" ind1=" " ind2=" ">
    <subfield code="0">0</subfield>
    <subfield code="1">0</subfield>
    <subfield code="7">1</subfield>
    <subfield code="8">PD</subfield>
    <subfield code="a">PD</subfield>
    <subfield code="b">PD</subfield>
    <subfield code="c">HD</subfield>
    <subfield code="d">2019-03-28</subfield>
    <subfield code="i">LF1</subfield>
    <subfield code="l">0</subfield>
    <subfield code="o">xxxx N285t</subfield>
    <subfield code="p">48527-10</subfield>
    <subfield code="r">2020-06-25</subfield>
    <subfield code="w">2020-06-25</subfield>
    <subfield code="y">LFPD</subfield>
    <subfield code="Z">No se presta</subfield>
  </datafield>
  <datafield tag="952" ind1=" " ind2=" ">
    <subfield code="0">0</subfield>
    <subfield code="1">0</subfield>
    <subfield code="7">1</subfield>
    <subfield code="8">PD</subfield>
    <subfield code="a">PD</subfield>
    <subfield code="b">PD</subfield>
    <subfield code="c">HD</subfield>
    <subfield code="d">2019-03-28</subfield>
    <subfield code="i">LF1</subfield>
    <subfield code="l">0</subfield>
    <subfield code="o">xxxx N285t</subfield>
    <subfield code="p">48527-20</subfield>
    <subfield code="r">2020-06-25</subfield>
    <subfield code="t">e. 2</subfield>
    <subfield code="w">2020-06-25</subfield>
    <subfield code="y">LFPD</subfield>
    <subfield code="Z">No se presta</subfield>
  </datafield>
  <datafield tag="999" ind1=" " ind2=" ">
    <subfield code="c">48015</subfield>
    <subfield code="d">48015</subfield>
  </datafield>
</record>
